Statistics for Fermion or Boson?

Click here to take the quiz!

General Stats

  • This quiz has been taken 16 times
  • The average score is 10 of 15

Answer Stats

QuestionAnswer% Correct
GluonBoson
91%
PhotonBoson
82%
Cooper pairBoson
73%
ProtonFermion
73%
NeutronFermion
73%
Helium-3 nucleusFermion
73%
ElectronFermion
73%
PositronFermion
73%
MuonFermion
73%
Tritium nucleusFermion
73%
Helium-4 nucleusBoson
64%
Deuterium nucleusBoson
64%
Down quarkFermion
55%
PionBoson
45%
Rubidium-87 atomBoson
36%

Score Distribution

Percentile by Number Answered

Percent of People with Each Score

Your Score History

You have not taken this quiz